000
00292nam a2200133Ia 4500
008
260604s9999 xx 000 0 und d
020
_a
9780674297579
082
_a
944 TU
100
_a
TU, HANG
_9
35200
245
0
_a
SENTIMENTAL REPUBLIC
260
_b
HBR
500
_a
Republic
942
_c
BK
999
_c
7962
_d
7962